Basketball Players by Picture - France - Statistics

General Stats
  • This quiz has been taken 30 times
  • The average score is 12 of 25
Answer Stats
Picture Answer % Correct
Victor Wembanyama
93%
Evan Fournier
89%
Tony Parker
89%
Joakim Noah
86%
Rudy Gobert
86%
Guerschon Yabusele
79%
Nicolas Batum
79%
Nando de Colo
75%
Zaccharie Risacher
75%
Boris Diaw
64%
Mathias Lessort
57%
Thomas Heurtel
50%
Florent Piétrus
43%
Mickaël Piétrus
43%
Antoine Rigaudeau
36%
Frédéric Weis
29%
Mickaël Gelabale
25%
Ronny Turiaf
25%
Ian Mahinmi
18%
Richard Dacoury
11%
Stéphane Ostrowski
11%
Tariq Abdul-Wahad
11%
Yann Bonato
11%
Hervé Dubuisson
7%
Jim Bilba
7%
No matching quizzes found
Score Distribution
Percent of People with Each Score
Percentile by Number Answered
Your Score History
You have not taken this quiz